ბათუმის შოთა რუსთაველის სახელმწიფო უნივერსიტეტის ბიბლიოთეკა

Hospitality financial Accounting (ბიბ.ჩანაწერი № 45451)

000 -LEADER
fixed length control field 00460nam a2200193Ia 4500
001 - CONTROL NUMBER
control field 12275
003 - CONTROL NUMBER IDENTIFIER
control field GE_BSU
008 - FIXED-LENGTH DATA ELEMENTS--GENERAL INFORMATION
fixed length control field 181216s||||||||xx |||||||||||||| ||und||
020 ## - INTERNATIONAL STANDARD BOOK NUMBER
International Standard Book Number 9780470083604
040 ## - CATALOGING SOURCE
Transcribing agency GE_BSU
080 ## - UNIVERSAL DECIMAL CLASSIFICATION NUMBER
Universal Decimal Classification number 657
100 ## - MAIN ENTRY--PERSONAL NAME
Personal name Weygant,Jerry J. Donald,E. Kieso
245 ## - TITLE STATEMENT
Title Hospitality financial Accounting
260 ## - PUBLICATION, DISTRIBUTION, ETC.
Date of publication, distribution, etc. 2009
300 ## - PHYSICAL DESCRIPTION
Extent 518p.ill.28cm.
653 ## - INDEX TERM--UNCONTROLLED
Uncontrolled term Hospitality financial Accounting
942 ## - ADDED ENTRY ELEMENTS (KOHA)
Koha item type წიგნი
ეგზემპლარები
Withdrawn status Lost status Damaged status Not for loan Date acquired Barcode Date last seen Price effective from Koha item type
        2018-12-17 35992 2018-12-17 2018-12-17 წიგნი